| 000 | 00588nam a22001937a 4500 | ||
|---|---|---|---|
| 999 |
_c8028 _d8028 |
||
| 003 | AR-CdUCM | ||
| 008 | 190322b ||||| |||| 00| 0 spa d | ||
| 040 |
_aMUNICIPALIDAD PROVINCIAL DEL CUSCO _cBIBLIOTECA MUNICIPAL DEL CUSCO |
||
| 082 |
_a869.5 / _bAV91 |
||
| 100 |
_aAvendaño Farfan, Angel _922687 |
||
| 245 | _aCarta a Fidel Castro / | ||
| 260 |
_aCuzco : _bGarcilazo, _c1960. |
||
| 300 |
_a5 páginas ; _bilustraciones ; _c21.5 cm |
||
| 500 | _aFirma y dedicatoria del autor. | ||
| 650 |
_aPoesía _9139 |
||
| 650 |
_aLiteratura peruana _9169 |
||
| 942 |
_2ddc _cLIBROS |
||
| 945 | _azta | ||